| 000 -LEADER |
| fixed length control field |
00599nam a22001937a 4500 |
| 008 - FIXED-LENGTH DATA ELEMENTS--GENERAL INFORMATION |
| fixed length control field |
150925b xxu||||| |||| 00| 0 eng d |
| 020 ## - INTERNATIONAL STANDARD BOOK NUMBER |
| International Standard Book Number |
0673151557 : |
| 041 0# - LANGUAGE CODE |
| Language code of text/sound track or separate title |
eng |
| 080 ## - UNIVERSAL DECIMAL CLASSIFICATION NUMBER |
| Universal Decimal Classification number |
820 |
| 100 1# - Rafti |
| Rafti |
Anderson, George Kumler, |
| 245 10 - TITLE STATEMENT |
| Title |
The literature of England / |
| Statement of responsibility, etc |
[edited by] George Anderson, William Buckler, Mary Harris Veeder. |
| 250 ## - |
| -- |
3d single volume ed. |
| 260 ## - |
| -- |
Glenview, Ill. : |
| -- |
Scott, Foresman, |
| -- |
1979. |
| 300 ## - |
| -- |
1263 f. : |
| -- |
me il.; |
| -- |
27 cm. |
| 650 #0 - |
| -- |
Letërsia Angleze |
| 700 1# - |
| -- |
Buckler, William Earl, |
| 700 1# - |
| -- |
Veeder, Mary Harris, |
| 942 ## - ADDED ENTRY ELEMENTS (KOHA) |
| Source of classification or shelving scheme |
|
| Item type |
Books |